<?xml version="1.0" encoding="UTF-8"?>
<record
    xmlns:xsi="http://www.w3.org/2001/XMLSchema-instance"
    xsi:schemaLocation="http://www.loc.gov/MARC21/slim http://www.loc.gov/standards/marcxml/schema/MARC21slim.xsd"
    xmlns="http://www.loc.gov/MARC21/slim">

  <leader>02776nam a2200313 a 4500</leader>
  <controlfield tag="005">20101116150546.0</controlfield>
  <datafield tag="010" ind1=" " ind2=" ">
    <subfield code="a">B-420620-629</subfield>
  </datafield>
  <datafield tag="020" ind1=" " ind2=" ">
    <subfield code="a">9788172342944</subfield>
    <subfield code="c">200.00</subfield>
  </datafield>
  <datafield tag="035" ind1=" " ind2=" ">
    <subfield code="a">B-420620-629</subfield>
  </datafield>
  <datafield tag="037" ind1=" " ind2=" ">
    <subfield code="b">Prakash Books India</subfield>
  </datafield>
  <datafield tag="082" ind1=" " ind2=" ">
    <subfield code="a">005.369</subfield>
  </datafield>
  <datafield tag="100" ind1=" " ind2=" ">
    <subfield code="a">Seshadri, Rajesh </subfield>
    <subfield code="9">24340</subfield>
  </datafield>
  <datafield tag="245" ind1=" " ind2=" ">
    <subfield code="a">Excel with excel:</subfield>
    <subfield code="c">by Rajesh Seshadri </subfield>
    <subfield code="b">uniquely presented time saving spreadsheet tools an executive's handbook /</subfield>
  </datafield>
  <datafield tag="260" ind1=" " ind2=" ">
    <subfield code="a">New Delhi </subfield>
    <subfield code="b">Prakash Books India </subfield>
    <subfield code="c">2008</subfield>
  </datafield>
  <datafield tag="270" ind1=" " ind2=" ">
    <subfield code="a">1, Ansari Road, Daryaganj</subfield>
    <subfield code="b">New Delhi </subfield>
    <subfield code="e">110002</subfield>
  </datafield>
  <datafield tag="300" ind1=" " ind2=" ">
    <subfield code="a">vi, 106p. </subfield>
    <subfield code="c">25cm(pbk) </subfield>
  </datafield>
  <datafield tag="942" ind1=" " ind2=" ">
    <subfield code="2">ddc</subfield>
    <subfield code="c">EN</subfield>
    <subfield code="m">SES</subfield>
    <subfield code="h">005.369</subfield>
  </datafield>
  <datafield tag="999" ind1=" " ind2=" ">
    <subfield code="c">35920</subfield>
    <subfield code="d">35920</subfield>
  </datafield>
  <datafield tag="952" ind1=" " ind2=" ">
    <subfield code="0">0</subfield>
    <subfield code="1">0</subfield>
    <subfield code="4">0</subfield>
    <subfield code="7">0</subfield>
    <subfield code="8">NFIC</subfield>
    <subfield code="a">L</subfield>
    <subfield code="b">L</subfield>
    <subfield code="d">2010-11-16</subfield>
    <subfield code="e">Prakash Books India/13954/12.8.10/56/1.7.10/25.8.10</subfield>
    <subfield code="g">200.00</subfield>
    <subfield code="l">0</subfield>
    <subfield code="o">005.369 SES</subfield>
    <subfield code="p">B-420620</subfield>
    <subfield code="r">2010-11-16 00:00:00</subfield>
    <subfield code="t">1</subfield>
    <subfield code="v">200.00</subfield>
    <subfield code="w">2010-11-16</subfield>
    <subfield code="y">EN</subfield>
  </datafield>
  <datafield tag="952" ind1=" " ind2=" ">
    <subfield code="0">0</subfield>
    <subfield code="1">5</subfield>
    <subfield code="4">0</subfield>
    <subfield code="7">0</subfield>
    <subfield code="8">NFIC</subfield>
    <subfield code="a">BL1</subfield>
    <subfield code="b">BL1</subfield>
    <subfield code="d">2010-11-16</subfield>
    <subfield code="e">Prakash Books India/13954/12.8.10/56/1.7.10/25.8.10</subfield>
    <subfield code="g">200.00</subfield>
    <subfield code="l">0</subfield>
    <subfield code="o">005.369 SES</subfield>
    <subfield code="p">B-420621</subfield>
    <subfield code="r">2010-11-16 00:00:00</subfield>
    <subfield code="t">1</subfield>
    <subfield code="v">200.00</subfield>
    <subfield code="y">EN</subfield>
  </datafield>
  <datafield tag="952" ind1=" " ind2=" ">
    <subfield code="0">1</subfield>
    <subfield code="1">0</subfield>
    <subfield code="4">0</subfield>
    <subfield code="7">0</subfield>
    <subfield code="8">NFIC</subfield>
    <subfield code="a">JP</subfield>
    <subfield code="b">JP</subfield>
    <subfield code="d">2010-11-16</subfield>
    <subfield code="e">Prakash Books India/13954/12.8.10/56/1.7.10/25.8.10</subfield>
    <subfield code="g">200.00</subfield>
    <subfield code="l">45</subfield>
    <subfield code="m">8</subfield>
    <subfield code="o">005.369 SES</subfield>
    <subfield code="p">B-420622</subfield>
    <subfield code="r">2014-11-29 00:00:00</subfield>
    <subfield code="s">2014-11-13</subfield>
    <subfield code="t">2</subfield>
    <subfield code="v">200.00</subfield>
    <subfield code="w">2010-11-16</subfield>
    <subfield code="y">EN</subfield>
  </datafield>
  <datafield tag="952" ind1=" " ind2=" ">
    <subfield code="0">0</subfield>
    <subfield code="1">0</subfield>
    <subfield code="4">0</subfield>
    <subfield code="7">0</subfield>
    <subfield code="8">NFIC</subfield>
    <subfield code="a">JP</subfield>
    <subfield code="b">JP</subfield>
    <subfield code="d">2010-11-16</subfield>
    <subfield code="e">Prakash Books India/13954/12.8.10/56/1.7.10/25.8.10</subfield>
    <subfield code="g">200.00</subfield>
    <subfield code="l">68</subfield>
    <subfield code="m">14</subfield>
    <subfield code="o">005.369 SES</subfield>
    <subfield code="p">B-420623</subfield>
    <subfield code="r">2019-10-19 00:00:00</subfield>
    <subfield code="s">2019-09-07</subfield>
    <subfield code="t">2</subfield>
    <subfield code="v">200.00</subfield>
    <subfield code="w">2010-11-16</subfield>
    <subfield code="y">EN</subfield>
  </datafield>
  <datafield tag="952" ind1=" " ind2=" ">
    <subfield code="0">0</subfield>
    <subfield code="1">0</subfield>
    <subfield code="4">0</subfield>
    <subfield code="7">0</subfield>
    <subfield code="8">NFIC</subfield>
    <subfield code="a">ZLS</subfield>
    <subfield code="b">ZLS</subfield>
    <subfield code="d">2010-11-16</subfield>
    <subfield code="e">Prakash Books India/13954/12.8.10/56/1.7.10/25.8.10</subfield>
    <subfield code="g">200.00</subfield>
    <subfield code="l">0</subfield>
    <subfield code="o">005.369 SES</subfield>
    <subfield code="p">B-420624</subfield>
    <subfield code="r">2010-11-16 00:00:00</subfield>
    <subfield code="t">1</subfield>
    <subfield code="v">200.00</subfield>
    <subfield code="w">2010-11-16</subfield>
    <subfield code="y">EN</subfield>
  </datafield>
  <datafield tag="952" ind1=" " ind2=" ">
    <subfield code="0">0</subfield>
    <subfield code="1">0</subfield>
    <subfield code="4">0</subfield>
    <subfield code="7">0</subfield>
    <subfield code="8">NFIC</subfield>
    <subfield code="a">RKP</subfield>
    <subfield code="b">RKP</subfield>
    <subfield code="d">2010-11-16</subfield>
    <subfield code="e">Prakash Books India/13954/12.8.10/56/1.7.10/25.8.10</subfield>
    <subfield code="g">200.00</subfield>
    <subfield code="l">1</subfield>
    <subfield code="m">1</subfield>
    <subfield code="o">005.369 SES</subfield>
    <subfield code="p">B-420625</subfield>
    <subfield code="r">2018-12-17 00:00:00</subfield>
    <subfield code="s">2018-11-19</subfield>
    <subfield code="t">1</subfield>
    <subfield code="v">200.00</subfield>
    <subfield code="w">2010-11-16</subfield>
    <subfield code="y">EN</subfield>
  </datafield>
  <datafield tag="952" ind1=" " ind2=" ">
    <subfield code="0">0</subfield>
    <subfield code="1">0</subfield>
    <subfield code="4">0</subfield>
    <subfield code="7">0</subfield>
    <subfield code="8">NFIC</subfield>
    <subfield code="a">VP</subfield>
    <subfield code="b">VP</subfield>
    <subfield code="d">2010-11-16</subfield>
    <subfield code="e">Prakash Books India/13954/12.8.10/56/1.7.10/25.8.10</subfield>
    <subfield code="g">200.00</subfield>
    <subfield code="l">28</subfield>
    <subfield code="m">14</subfield>
    <subfield code="o">005.369 SES</subfield>
    <subfield code="p">B-420626</subfield>
    <subfield code="q">2014-06-27</subfield>
    <subfield code="r">2014-06-13 00:00:00</subfield>
    <subfield code="s">2014-06-13</subfield>
    <subfield code="t">1</subfield>
    <subfield code="v">200.00</subfield>
    <subfield code="w">2010-11-16</subfield>
    <subfield code="y">EN</subfield>
  </datafield>
  <datafield tag="952" ind1=" " ind2=" ">
    <subfield code="0">0</subfield>
    <subfield code="1">5</subfield>
    <subfield code="4">0</subfield>
    <subfield code="7">0</subfield>
    <subfield code="8">NFIC</subfield>
    <subfield code="a">BL3</subfield>
    <subfield code="b">BL3</subfield>
    <subfield code="d">2010-11-16</subfield>
    <subfield code="e">Prakash Books India/13954/12.8.10/56/1.7.10/25.8.10</subfield>
    <subfield code="g">200.00</subfield>
    <subfield code="l">0</subfield>
    <subfield code="o">005.369 SES</subfield>
    <subfield code="p">B-420627</subfield>
    <subfield code="r">2010-11-16 00:00:00</subfield>
    <subfield code="t">1</subfield>
    <subfield code="v">200.00</subfield>
    <subfield code="y">EN</subfield>
  </datafield>
  <datafield tag="952" ind1=" " ind2=" ">
    <subfield code="0">0</subfield>
    <subfield code="1">5</subfield>
    <subfield code="4">0</subfield>
    <subfield code="7">0</subfield>
    <subfield code="8">NFIC</subfield>
    <subfield code="a">NR</subfield>
    <subfield code="b">NR</subfield>
    <subfield code="d">2010-11-16</subfield>
    <subfield code="e">Prakash Books India/13954/12.8.10/56/1.7.10/25.8.10</subfield>
    <subfield code="g">200.00</subfield>
    <subfield code="l">0</subfield>
    <subfield code="o">005.369 SES</subfield>
    <subfield code="p">B-420628</subfield>
    <subfield code="r">2010-11-16 00:00:00</subfield>
    <subfield code="t">1</subfield>
    <subfield code="v">200.00</subfield>
    <subfield code="y">EN</subfield>
  </datafield>
  <datafield tag="952" ind1=" " ind2=" ">
    <subfield code="0">0</subfield>
    <subfield code="1">0</subfield>
    <subfield code="4">0</subfield>
    <subfield code="7">0</subfield>
    <subfield code="8">NFIC</subfield>
    <subfield code="a">BL4</subfield>
    <subfield code="b">BL4</subfield>
    <subfield code="d">2010-11-16</subfield>
    <subfield code="e">Prakash Books India/13954/12.8.10/56/1.7.10/25.8.10</subfield>
    <subfield code="g">200.00</subfield>
    <subfield code="l">20</subfield>
    <subfield code="m">26</subfield>
    <subfield code="o">005.369 SES</subfield>
    <subfield code="p">B-420629</subfield>
    <subfield code="r">2023-08-28 00:00:00</subfield>
    <subfield code="s">2023-08-08</subfield>
    <subfield code="t">1</subfield>
    <subfield code="v">200.00</subfield>
    <subfield code="w">2010-11-16</subfield>
    <subfield code="y">EN</subfield>
  </datafield>
</record>
